00619nam a2200193Ia 450000500170000000800410001702000160005808200130007424500690008726000530015630000180020965000190022765000180024665000230026470000220028794200060030995200950031599900150041020241128061306.0240331s9999 xx 000 0 und d a 1555877753 bVOIa892 0aVoices of change :bshort stories by Saudi Arabian women writers aBoulder & LondonbLynne Rienner Publishersc1998 aXii, 171 p ., aArabic Fiction aShort Stories aEnglish Literature aBagadar, A. eedt cL 001040708LaWERCLbWERCLcSSCd2024-03-31l0o 892 VOIp2682r2024-03-31w2024-03-31yL c3369d3369